000 00747nam a2200181Ia 4500
008 090124s9999 xx 000 0 und d
082 _b121025
100 _aकुलकर्णी शुभदा
245 _a रूप गंधाली ( स्त्रीव्यथांच्या मर्मकथा )
250 _a1
260 _c1985
300 _a102
600 _aकुलकर्णी शुभदा
630 _a रूप गंधाली ( स्त्रीव्यथांच्या मर्मकथा )
700 _aकुलकर्णी शुभदा
730 _a रूप गंधाली ( स्त्रीव्यथांच्या मर्मकथा )
942 _cBOOK
999 _c167111
_d167111